Statistics for Answers Contain Rock Quiz

Click here to take the quiz!

General Stats

  • This quiz has been taken 22,885 times
    (13,580 since last reset)
  • The average score is 9 of 20

Answer Stats

Clue Answer % Correct
Where the Pilgrims landedPlymouth Rock
78%
Elvis song about a partying inmatesJailhouse Rock
78%
Touristy cafe that sells T-shirtsHard Rock
76%
"Everybody Hates" this stand-up comedianChris Rock
71%
Irish cloverShamrock
59%
Actor who was secretly gayRock Hudson
55%
1970's toy fadPet Rock
55%
Pamela Anderson's ex-husbandKid Rock
51%
Guitar Hero successorRock Band
49%
Jim Henson TV showFraggle Rock
47%
UluruAyers Rock
45%
Nadir reached by a junkyRock Bottom
42%
Music genre favored by hipstersIndie Rock
37%
I'm just a bill... Sitting here on Capitol HillSchoolhouse Rock
37%
Latrobe beer that comes in green bottlesRolling Rock
35%
RoshamboRock-paper-scissors
32%
Saturday Evening Post illustratorNorman Rockwell
27%
Jerusalem landmarkDome of the Rock
27%
Ford's Vice-PresidentNelson Rockefeller
25%
One of the pillars of HerculesRock of Gibraltar
15%

Score Distribution

Percentile by Number Answered

Percent of People with Each Score

Your Score History

You have not taken this quiz since the last reset